00505cam a2200193 a 4500001000800000005001700008008004100025010001700066020003900083040001800122041000800140043001200148080001500160082001900175100000700194101000800201245005100209504005100260159539520171214071826.0940214s1994 nyua b 001 0 eng  a 94004734  a0671794248 :c$23.00 ($29.50 Can.) aDLCcDLCdDLC aeng an-us--- a305.42097300a305.4209732201 a19 aHIS10aWho stole feminism? :cChristina Hoff Sommers. aIncludes bibliographical references and index.